| 000 | 00675nam a2200205Ia 4500 | ||
|---|---|---|---|
| 005 | 20250616171351.0 | ||
| 008 | 008 250516s9999 xx 000 0 hin d | ||
| 040 |
_beng _cSDCL |
||
| 041 |
_ahin _2hin |
||
| 084 | _aX:9.2'P1g R5 RR | ||
| 100 | _aMuthuswamy | ||
| 245 | 0 |
_aSwamy's handbook 2025 : _bKendra sarkar ke karmchariyo ke liye |
|
| 246 |
_aSwamy's हैंडबुक २०२५ : _bकेंद्र सरकार के कर्मचारियों के लिए |
||
| 260 |
_aNew Delhi : _bSwamy Publishers (P) Ltd, _c2025. |
||
| 300 | _axvi, 608p. | ||
| 650 | _aFinance | ||
| 700 | _aBrinda | ||
| 700 | _aSanjeev | ||
| 942 |
_cREF _2CC |
||
| 999 |
_c1430415 _d1430415 |
||